| 000 | 01100nam a2200253 i 4500 | ||
|---|---|---|---|
| 001 | 8776 | ||
| 003 | KOSZ 005 | ||
| 005 | 20191012105747.0 | ||
| 008 | 080411s1962 pl g 000 0 pol | ||
| 015 | _aPB 1962/5928 | ||
| 040 |
_aWA N _cKOSZ 005/ID _dKOSZ 005/ID |
||
| 080 | _a371.3:40 | ||
| 245 | 0 | 0 |
_aZ problematyki nauczania języków obcych : _bwybór artykułów z Księgi pamiątkowej I Zjazdu Neofilologów (1929) i z Neofilologa (1930-1939) / _cwyboru dokonali Antoni Prejbisz, Eugenia Sowińska, Tadeusz Woźnicki ; red. A. Prejbisz. |
| 260 |
_aWarszawa : _bPaństwowe Zakłady Wydawnictw Szkolnych, _c1962. |
||
| 300 |
_a227, [1] s. ; _c21 cm. |
||
| 380 | _aKsiążki. | ||
| 650 | 4 |
_aJęzyki _xnauczanie. |
|
| 700 | 1 |
_aPrejbisz, Antoni _d(1909-1980). _eWybór |
|
| 700 | 1 |
_aSowińska, Eugenia. _eWybór |
|
| 700 | 1 |
_aWoźnicki, Tadeusz _d(1914-1998). _eWybór |
|
| 710 | 2 |
_aPaństwowe Zakłady Wydawnictw Szkolnych _4pbl. |
|
| 856 |
_uhttp://koha.tu.koszalin.pl/cgi-bin/koha/opac-detail.pl?biblionumber=8776 _yKatalog online BPK |
||
| 942 |
_2UKD _cKS |
||
| 999 |
_c8776 _d8776 |
||